| 000 | 00703nam a2200253 a 4500 | ||
|---|---|---|---|
| 001 | 68288 | ||
| 003 | BD-RjUL | ||
| 005 | 20211209081742.0 | ||
| 008 | 170401s ii a|||| |||| 001 0 eng d | ||
| 020 | _a8177541536 | ||
| 020 |
_a9788177541533 _cIRs.495.00 |
||
| 035 | _a(BD-RjUL)68498 | ||
| 040 |
_aBD-RjUL _beng _cBD-RjUL |
||
| 041 | _aeng | ||
| 082 |
_223 _a577.6 _bRAA 2010 |
||
| 100 |
_aRagothaman, G _9202464 |
||
| 245 |
_aAquatic ecology : _ba text book / _cG Ragothaman & R K Trivedy |
||
| 260 |
_aIndia : _bAgrobios, _cc2010. |
||
| 300 |
_a247 p. : _bill. ; _c24 cm. |
||
| 500 | _aIncludes index | ||
| 650 |
_aAquatic ecology _9156684 |
||
| 700 |
_aTrivedy, R K _9202465 |
||
| 942 |
_2ddc _cBK |
||
| 999 |
_c68288 _d68288 |
||